Detection and Field Management of Plant Viruses and their vectors / (Record no. 53271)

MARC details
000 -LEADER
fixed length control field 00706nam a2200241Ia 4500
005 - DATE AND TIME OF LATEST TRANSACTION
control field 20260429112257.0
008 - FIXED-LENGTH DATA ELEMENTS--GENERAL INFORMATION
fixed length control field 260429s9999||||xx |||||||||||||| ||und||
020 ## - INTERNATIONAL STANDARD BOOK NUMBER
International Standard Book Number 9789348596765
041 ## - LANGUAGE CODE
Language English
082 ## - DEWEY DECIMAL CLASSIFICATION NUMBER
Classification number 632.8
Item number SEL
100 ## - MAIN ENTRY--PERSONAL NAME
Personal name Selvarajan, R.
245 #0 - TITLE STATEMENT
Title Detection and Field Management of Plant Viruses and their vectors /
Statement of responsibility, etc R. Selvarajan
260 ## - PUBLICATION, DISTRIBUTION, ETC. (IMPRINT)
Place of publication, distribution, etc New Delhi :
Name of publisher, distributor, etc Today & Tomorrow's Printers and Publishers,
Date of publication, distribution, etc 2025.
300 ## - PHYSICAL DESCRIPTION
Extent 476 p.; hb
650 ## - SUBJECT ADDED ENTRY--TOPICAL TERM
Topical term or geographic name as entry element Crop protection
650 ## - SUBJECT ADDED ENTRY--TOPICAL TERM
Topical term or geographic name as entry element Plant pathology
650 ## - SUBJECT ADDED ENTRY--TOPICAL TERM
Topical term or geographic name as entry element Plant virology
700 ## - ADDED ENTRY--PERSONAL NAME
Personal name Balasubramanian, V.
700 ## - ADDED ENTRY--PERSONAL NAME
Personal name Gaur, R. K.
700 ## - ADDED ENTRY--PERSONAL NAME
Personal name Mohanasundaram, A.
700 ## - ADDED ENTRY--PERSONAL NAME
Personal name Nagendran, K.
942 ## - ADDED ENTRY ELEMENTS (KOHA)
Koha item type Text Books
Holdings
Withdrawn status Lost status Damaged status Not for loan Collection code Home library Location Shelving location Date of Cataloging Source of acquisition Total Checkouts Full call number Barcode Date last seen Price effective from Koha item type
        Non-fiction CUTN Central Library CUTN Central Library Medicine, Technology & Management 29/04/2026 Today and Tomorrow’s Printers & Publishers, New Delhi - Invoice No. IN-00470 on 10-02-2026   632.8 SEL 58603 29/04/2026 29/04/2026 Text Books